000 00848nam a2200277Ia 4500
003 OSt
005 20221007102537.0
006 a|||||r|||| 00| 0
007 ta
008 221006b |||||||| |||| 00| 0 eng d
020 _a812120741X
024 _a10,630
037 _cReference Collections
040 _aLCO
_cLCO
_beng
041 _2eng
_aeng
082 _aY11:45:6, P1
100 _aGupta M.C. Ed.
_9704636
245 0 _aChild Victims of Crime
_b Problems and Perspectives
260 _aNew
_bDelhi Gyan Publishing House India
_c2001
300 _a306
650 _aCHILD VICTIMS OF CRIME
_9704637
700 _a Chockalingam K. Ed.
_9428757
700 _a Roy J.G. Ed.
_9704638
942 _hY11:45:6, P1
_cREF
999 _c1180193
_d1180193